000 00542nam a22001817a 4500
005 20251108170046.0
008 250721s1994 xx 000 0 ara d
082 1 4 _aط/ق/عما
100 1 _aعمارة، حمدي
245 1 0 _aإمتحان تجربة /
264 1 _aالقاهرة :
_bالدار المصرية اللبنانية،
_c1994.
300 _a15ص.
490 0 _aأصدقائي
650 1 7 _aأدب الأطفال
653 _aأطفال مرحلة متوسطة ( 6-9 سنوات )
942 _2ddc
_cBK
999 _c38637
_d38637